Access behaviors of children with specific language impairment (Record no. 61765)
[ view plain ]
| 000 -CABECERA | |
|---|---|
| campo de control de longitud fija | 00651nam a2200217 a 4500 |
| 005 - FECHA Y HORA DE LA ÚLTIMA TRANSACCIÓN | |
| campo de control | 20210219152826.0 |
| 008 - ELEMENTOS DE LONGITUD FIJA--INFORMACIÓN GENERAL | |
| campo de control de longitud fija | 991125n 000 0 eng u |
| 035 ## - NÚMERO DE CONTROL DEL SISTEMA | |
| Número de control de sistema | UPN01000062519 |
| 100 1# - ASIENTO PRINCIPAL--NOMBRE PERSONAL | |
| Nombre de persona | Craig, Holly K. |
| 100 1# - ASIENTO PRINCIPAL--NOMBRE PERSONAL | |
| Nombre de persona | Washington, Julie A. |
| 222 #0 - TÍTULO CLAVE | |
| Título clave | JOURNAL OF SPEECH, LANGUAGE, AND HEARING RESEARCH |
| 245 00 - MENCIÓN DE TÍTULO | |
| Título | Access behaviors of children with specific language impairment |
| 260 ## - PUBLICACIÓN, DISTRIBUCIÓN, ETC. | |
| Lugar de publicación, distribución, etc. | Estados Unidos |
| 300 ## - DESCRIPCIÓN FÍSICA | |
| Extensión | 322-337 |
| 362 0# - FECHAS DE PUBLICACIÓN Y/O DESIGNACIÓN SECUENCIAL | |
| Fecha de publicación y/o designación secuencial | 1993 Vol. 36, no. 2 |
| 653 0# - TERMINO DE INDIZACION - NO CONTROLADO | |
| Término no controlado | CAPACIDAD INTERPERSONAL |
| 653 0# - TERMINO DE INDIZACION - NO CONTROLADO | |
| Término no controlado | DESVENTAJAS EN EL LENGUAJE |
| 653 0# - TERMINO DE INDIZACION - NO CONTROLADO | |
| Término no controlado | RELACION ENTRE COMPAÑEROS |
| 904 ## - ELEMENTOS DE DATOS D LOCAL, LDD (RLIN) | |
| a | AC |
| b | 000330 |
| 905 ## - TIPO DE MATERIAL | |
| Tipo de material | Articulo |
No items available.
